Liderazgo y habilidades directivas (Registro nro. 229124)
[ vista simple ]
| 000 -LEADER | |
|---|---|
| fixed length control field | 01700nam#a2200265 4500 |
| 001 - CONTROL NUMBER | |
| control field | 9786071522344 |
| 003 - CONTROL NUMBER IDENTIFIER | |
| control field | VST |
| 005 - DATE AND TIME OF LATEST TRANSACTION | |
| control field | 20250425090632.0 |
| 006 - FIXED-LENGTH DATA ELEMENTS--ADDITIONAL MATERIAL CHARACTERISTICS | |
| fixed length control field | m o d |
| 007 - PHYSICAL DESCRIPTION FIXED FIELD--GENERAL INFORMATION | |
| fixed length control field | cr#un#---uucau |
| 008 - FIXED-LENGTH DATA ELEMENTS--GENERAL INFORMATION | |
| fixed length control field | 240611s2024 MEX d |
| 020 ## - INTERNATIONAL STANDARD BOOK NUMBER | |
| International Standard Book Number | 9786071522344 |
| 040 ## - CATALOGING SOURCE | |
| Original cataloging agency | VST |
| Transcribing agency | VST |
| Modifying agency | VST |
| 100 1# - MAIN ENTRY--PERSONAL NAME | |
| Personal name | Berta Ermila Madrigal Torres |
| Relator term | author |
| 245 10 - TITLE STATEMENT | |
| Title | Liderazgo y habilidades directivas |
| 250 ## - EDITION STATEMENT | |
| Edition statement | first edition |
| 260 ## - PUBLICATION, DISTRIBUTION, ETC. | |
| Place of publication, distribution, etc. | Mexico : |
| 264 #1 - PRODUCTION, PUBLICATION, DISTRIBUTION, MANUFACTURE, AND COPYRIGHT NOTICE | |
| Place of production, publication, distribution, manufacture | Mexico : |
| Name of producer, publisher, distributor, manufacturer | McGraw-Hill Interamericana, |
| Date of production, publication, distribution, manufacture, or copyright notice | 2024 |
| 300 ## - PHYSICAL DESCRIPTION | |
| Extent | 1 online resource |
| 336 ## - CONTENT TYPE | |
| Content type term | text |
| Content type code | txt |
| Source | rdacontent |
| 337 ## - MEDIA TYPE | |
| Media type term | computer |
| Media type code | c |
| Source | rdamedia |
| 520 ## - SUMMARY, ETC. | |
| Summary, etc. | Este libro está dirigido principalmente a estudiantes de pregrado y posgrado en administración, negocios y materias relacionadas con liderazgo y administración pública; pero los temas que aquí se tratan son de gran utilidad y beneficio para cualquier persona que quiera desarrollar sus aptitudes de liderazgo. El libro, escrito en un lenguaje sencillo y práctico, responde a las nuevas tendencias y necesidades que sobre este tema se han presentado en la actualidad; también responde a las necesidades sociales que demanda el nuevo contexto de innovación disruptiva en la Cuarta y Quinta Revolución industrial. El texto presenta los enfoques y teorías más recientes sobre liderazgo y habilidades directivas, clasificándolas y haciendo hincapié en los aspectos sociales, intelectuales y tecnológicos. Además, muestra cómo descubrir y desarrollar sus aptitudes de liderazgo a través de herramientas didácticas, estudios de caso y ejercicios de valoración. |
| 856 40 - ELECTRONIC LOCATION AND ACCESS | |
| Uniform Resource Identifier | <a href="https://resolver.vitalsource.com/9786071522344">https://resolver.vitalsource.com/9786071522344</a> |
| 942 ## - ADDED ENTRY ELEMENTS (KOHA) | |
| Koha item type | Recurso Electrónico |
| Withdrawn status | Lost status | Damaged status | Not for loan | Collection | Home library | Current library | Date acquired | Total checkouts | Date last seen | Price effective from | Koha item type |
|---|---|---|---|---|---|---|---|---|---|---|---|
| Colección McGraw Hill | Biblioteca Digital UIN | Biblioteca Digital UIN | 04/25/2025 | 04/25/2025 | 04/25/2025 | Recurso Electrónico |